Sesboüé B., Jésus-Christ l’unique médiateur. Essai sur la rédemption et le salut, t. 1 : Problématique et relecture doctrinale, coll. Jésus et Jésus-Christ 33, Paris, Desclée,22003, 23x15, 400 p., 27 €. ISBN 2-7189-0972-2 (notice n° 1620727)

détails MARC
000 -LEADER
fixed length control field 02038cam a2200169 4500500
005 - DATE AND TIME OF LATEST TRANSACTION
control field 20260111091235.0
041 ## - LANGUAGE CODE
Language code of text/sound track or separate title fre
042 ## - AUTHENTICATION CODE
Authentication code dc
100 10 - MAIN ENTRY--PERSONAL NAME
Personal name Joassart, Bernard
Relator term author
245 00 - TITLE STATEMENT
Title Sesboüé B., Jésus-Christ l’unique médiateur. Essai sur la rédemption et le salut, t. 1 : Problématique et relecture doctrinale, coll. Jésus et Jésus-Christ 33, Paris, Desclée,22003, 23x15, 400 p., 27 €. ISBN 2-7189-0972-2
260 ## - PUBLICATION, DISTRIBUTION, ETC.
Date of publication, distribution, etc. 2005.<br/>
500 ## - GENERAL NOTE
General note 97
520 ## - SUMMARY, ETC.
Summary, etc. L’anniversaire des lois françaises de 1905 montre à quel point reste vif le débat sur la laïcité, et combien il reste difficile pour les Églises de penser ce débat en lui-même et pas seulement en fonction de ses répercussions religieuses. Pour aider à cette objectivation du débat, deux mises en perspective font saisir l’instabilité théorique d’une laïcité divisée entre concept de la raison pure et idée de la raison historique. Ces deux perspectives se croisent autour d’une crise de la citoyenneté : c’est sans doute par rapport à cette crise qu’il revient aujourd’hui à la tradition chrétienne de recevoir théologiquement la question de la laïcité.
520 ## - SUMMARY, ETC.
Summary, etc. On the occasion of the anniversary of the promulgation of the French laws of 1905, the A. evokes the topicality of the debate concerning secularism, and the difficulty encountered by the Church to focus on that debate without reference to its religious connotation. In order to throw an objective light on the question, we ought to take into consideration the theoretical instability of a secularism which has to deal with two viewpoints : pure reason and historical consideration. These two views meet around a citizenship crisis, a crisis which invites the Church to offer a theological solution to the problem of secularism.
786 0# - DATA SOURCE ENTRY
Note Nouvelle revue théologique | 127 | 4 | 2005-12-15 | p. 623b-624b | 0029-4845
856 41 - ELECTRONIC LOCATION AND ACCESS
Uniform Resource Identifier <a href="https://shs.cairn.info/revue-nouvelle-revue-theologique-2005-4-page-623b?lang=fr&redirect-ssocas=7080">https://shs.cairn.info/revue-nouvelle-revue-theologique-2005-4-page-623b?lang=fr&redirect-ssocas=7080</a>

Pas d'exemplaire disponible.

PLUDOC

PLUDOC est la plateforme unique et centralisée de gestion des bibliothèques physiques et numériques de Guinée administré par le CEDUST. Elle est la plus grande base de données de ressources documentaires pour les Étudiants, Enseignants chercheurs et Chercheurs de Guinée.

Adresse

627 919 101/664 919 101

25 boulevard du commerce
Kaloum, Conakry, Guinée

Réseaux sociaux

Powered by Netsen Group @ 2025